00601nam a2200157Ia 4500008004100000082001500041100004300056245009600099260003900195520001100234650002800245700003600273942001300309999001900322952010200341230907s9999||||xx |||||||||||||| ||und|| a621.3bUSA aUsama Ameer Khan (00000205703)9116483 0aNUST Micro Grid Planning with New DER Resources and Reliable Infrastructure Modernization / aUSPCAS-E, NUST,bIslamabad :c2019 aTH-184 aMS-EEP Thesis MS Thesis aDr Syed Ali Abbas Kazmi9117439 cTHE2ddc c601863d601863 00102ddc4070aCAS-EbCAS-Ed2020-02-25o621.3 USApCAS-ETH0000184r2023-09-12w2023-09-12yTHE